Cổ Lũy trong luồng văn hóa biển Việt Nam

Khái quát về địa lí, lịch sử, văn hoá làng Cổ Luỹ, tỉnh Quảng Ngãi. Tìm hiểu về nghề chài lưới và nghề buôn ở Cổ Luỹ. Giới thiệu về các di tích lễ và hội, ca dao và lưu tích của làng Cổ Lũy....

Ful tanımlama

Kaydedildi:
Detaylı Bibliyografya
Materyal Türü: Kitap
Dil:Undetermined
Baskı/Yayın Bilgisi: Hà Nội Thanh niên 2012
Konular:
Etiketler: Etiketle
Etiket eklenmemiş, İlk siz ekleyin!
Thư viện lưu trữ: Trung tâm Học liệu Trường Đại học Cần Thơ
LEADER 00872nam a2200181Ia 4500
001 CTU_189330
008 210402s9999 xx 000 0 und d
082 |a 390.09597 
082 |b C450 
245 0 |a Cổ Lũy trong luồng văn hóa biển Việt Nam 
245 0 |c Cao Chư (Sưu tầm và biên soạn) 
260 |a Hà Nội 
260 |b Thanh niên 
260 |c 2012 
520 |a Khái quát về địa lí, lịch sử, văn hoá làng Cổ Luỹ, tỉnh Quảng Ngãi. Tìm hiểu về nghề chài lưới và nghề buôn ở Cổ Luỹ. Giới thiệu về các di tích lễ và hội, ca dao và lưu tích của làng Cổ Lũy. 
650 |a Folklore, vietnamese,Văn hóa dân gian Việt Nam 
904 |i Giang 
980 |a Trung tâm Học liệu Trường Đại học Cần Thơ